| 000 | 005230000a22002050004500 | ||
|---|---|---|---|
| 003 | LK-CoMWRAF | ||
| 005 | 20230929121636.0 | ||
| 008 | 230817t1988 ||||| |||| 00| 0 eng d | ||
| 040 |
_aLK-CoMWRAF _dLK-CoMWRAF _eLK-CoMWRAF |
||
| 041 | _aeng | ||
| 082 |
_a297.577 _bRAH |
||
| 100 | _aRahimdeen, Fathima Mumtaz | ||
| 245 |
_aIddat : _bA Point of view |
||
| 260 |
_aColombo : _bArafat publishing house, _c1988 |
||
| 300 | _a14p | ||
| 650 | _aIslam--Iddat | ||
| 650 | _aIslam--Divorce | ||
| 650 | _aIslam--Women | ||
| 942 | _cBK | ||
| 999 |
_c50 _d50 |
||